|
|
|
|
| LEADER |
00900nam a2200241 a 4500 |
| 001 |
GR-MES9487 |
| 008 |
050930s19782001gr 000 0 gre d |
| 020 |
|
|
|a 0471490644
|
| 040 |
|
|
|a GrPaTEI
|b gre
|c GR-PaULI
|
| 040 |
|
|
|a GrPaTEI
|b gre
|c GR-PaULI
|
| 100 |
1 |
|
|a Singleton, Paul
|
| 245 |
1 |
0 |
|a Dictionary of microbiology and molecular biology /
|c Paul Singleton / Diana Sainsbury.
|
| 250 |
|
|
|a 3th ed.
|
| 260 |
|
|
|a Chichester :
|b John Wiley,
|c 2001
|
| 300 |
|
|
|a xi , 895σ.
|
| 300 |
|
|
|c εικ. ;
|c 24εκ.
|
| 650 |
|
0 |
|a Microbiology
|v Dictionaries
|
| 650 |
|
0 |
|a Molecular biology
|v Dictionaries
|
| 700 |
1 |
|
|a Sainsbury, Diana
|
| 942 |
|
|
|2 ddc
|
| 952 |
|
|
|0 0
|1 0
|2 ddc
|4 0
|6 579_030000000000000_SIN
|7 0
|9 279856
|a MSLG
|b MSLG
|c BSC
|d 2021-01-17
|e 24
|f 0
|g 0.00
|l 0
|o 579.03 SIN
|p 2420000019780
|r 2021-01-17 00:00:00
|t 1
|w 2021-01-17
|y BK15
|x 20050930 0 1
|x GrPaTEI
|
| 971 |
|
|
|a .b25879583
|b 15-04-20
|c 14-09-16
|
| 999 |
|
|
|c 163100
|d 163100
|